000 00749nam a2200241 4500
001 115706
003 ES-MaBCM
005 20241016140936.0
008 051118s1972 esp spa d
017 _aM.23053-1972
021 _axx
035 _a(OCoLC)1365223173
040 _cES-MaBCM
041 0 _aspa
100 1 _aMartín Oviedo, José María
_929831
245 1 3 _aEl leasing ante el derecho español
_b: arrendamiento financiero, régimen mercantil y y fiscal
_cJosé María Martín Oviedo
260 _aMadrid :
_bEditorial de Derecho Financiero,
_c1972
300 _a247 p.
_c24 cm
440 0 _aDerecho y economía de la empresa
_9106993
_v7
650 2 7 _aDerecho financiero
_958325
651 2 4 _aEspaña
_9115342
942 _cBK
999 _c115706
_d115706